| 000 | 00000nam 2200000za 4500 |
| 001 | 9.699967 |
| 003 | CaOODSP |
| 005 | 20240926091251 |
| 007 | cr ||||||||||| |
| 008 | 150407s1889 onc|||||o f|0| 0 eng d |
| 040 | |aCaOODSP|beng |
| 043 | |an-cn--- |
| 086 | 1 |aCP32-146/1889E-PDF |
| 245 | 00|aReport of the Royal Commission on the Relations of Labor and Capital in Canada |h[electronic resource] / |cJames Armstrong and A.T. Freed, chairmen ; Jules Helbronner, J. Alfred Clark, Michael Walsh, and G. Boivin [commissioners]. |
| 260 | |aOttawa : |bPrivy Council Office, |c1889. |
| 300 | |a74, 119 p. : |btables, index |
| 500 | |aHistorical publication digitized in 2012 by Privy Council Office of Canada. |
| 590 | |a15-04-Supp|b2015-03-19 |
| 690 | 07|aCommissions of inquiry|2gcpds |
| 690 | 07|aIndustry analysis|2gcpds |
| 690 | 07|aLabour|2gcpds |
| 690 | 07|aStandard of living|2gcpds |
| 710 | 1 |aCanada. |bPrivy Council Office. |
| 775 | 08|tRapport de la Commission royale sur les relations du travail avec le capital au Canada |w(CaOODSP)9.643926 |
| 856 | 40|ahttp://publications.gc.ca|qPDF|s6.36 MB|uhttps://publications.gc.ca/collections/collection_2014/bcp-pco/CP32-146-1889-1-eng.pdf |
| 856 | 40|ahttp://publications.gc.ca|qPDF|s8.90 MB|uhttps://publications.gc.ca/collections/collection_2014/bcp-pco/CP32-146-1889-2-eng.pdf |